=LDR 00000nam 2200000 4500 =001 INLIS000000000002832 =005 20250212092057 =035 ##$$a 0010-0225000122 =007 ta =008 250212###########################0#ind## =020 ##$$a - =082 ##$$a 304.66 =084 ##$$a 304.66 BAD b =245 1#$$a Bagaimana Bekerja Dengan Penduduk di Pedesaan : $b (Untuk Kalangan Sendiri) /$c Badan Kependudukan dan Keluarga Berencana Nasional (Penulis) =250 ##$$a Cetakan Pertama =260 ##$$a Jakarta :$b Badan Kependudukan dan Keluarga Berencana Nasional,$c Jakarta =300 ##$$a 98 hlm : $b - ; $c 20 cm$e - =650 #4$$a Keluarga Berencana =110 #$$a Badan Kependudukan dan Keluarga Berencana Nasional =520 ##$$a - =856 ##$$a Perpustakaan BKKBN Pusat